| 000 | 01135nam a22002897a 4500 | ||
|---|---|---|---|
| 005 | 20090516134859.0 | ||
| 008 | 081020t xxu||||| |||| 00| 0 eng d | ||
| 010 | _aENG-93548 | ||
| 020 |
_a817930325X _c315.00 |
||
| 020 |
_c315.00 _a9788179303252 |
||
| 035 | _aEN-77081 | ||
| 037 | _bDBAD / PUB | ||
| 040 |
_adpl _bEnglish |
||
| 082 | _a350 | ||
| 100 | _aPradhan, Arabinda | ||
| 245 |
_aPublic administration: _ba concise overview of the subject for the UPSC Civil Services Preliminary Examination optional paper / _cby Arabinda Pradhan |
||
| 250 | _a9th ed | ||
| 260 |
_aNew Delhi _bSpectrum Books |
||
| 260 | _c2009 | ||
| 270 |
_a116 First Floor, TC Jaina Tower III B4-LSC, A1 Janak Puri _bNew Delhi _e110058 |
||
| 300 |
_aviii, 547p. _c25cm(pbk) |
||
| 500 | _aSpectrum's rapid revision study pack | ||
| 610 | _aUPSC Civil Services Preliminary Examination | ||
| 650 |
_aPublic administration _xExamination, question, etc. |
||
| 942 |
_2ddc _cEN _h350 _mPRA |
||
| 999 |
_c26473 _d26473 |
||